000 00715nam a2200265Ia 4500
001 49808
005 20240114004006.0
007 ta
008 090601s1963 g b000 u 465 u
020 _cHB
040 _aCotton College,Assam
041 _a465
082 _a070
_bSHA
100 _aShastri, D. N. .
245 0 _aPraci-Jyoti: Digest of Indological Studies /
_cD. N. Shastri, Buddha Prakash.
_hTextual Documents
250 _a1st ed /
260 _aKurukshetra :
_bInstitute of Indic Studies ,
_c1963.
300 _a296p ;
_c23 cm.
653 _aJournals
653 _aBV-Antropology
700 _aPrakash, Buddha .
942 _2ddc
_cBK
999 _c49773
_d49773